000 00790cpcaa22002177a 4500
001 mm 83004712
003 DLC
005 20260227111719.0
008 830831|||||||||||| eng
010 _amm 83004712
040 _aDLC
_cDLC
_edacs
_dDLC
072 7 _aC
_2lcmd
100 1 _aWashington, George Fayette.
245 0 0 _aGeorge Fayette Washington land grant,
_f1814-1817.
300 _a1
_fitem.
506 0 _aOpen to research.
533 _aNegative photocopy.
_bWashington, D.C. :
_cLibrary of Congress Photoduplication Service,
_d1946.
546 _aCollection material in English.
580 _aForms part of: Miscellaneous Manuscripts collection.
999 _c43920
_d43920